00565 2200253 4500001002100000008004100021035002000062245005000082100001500132110000600147250000600153260003100159300001700190020001800207022000600225024000600231084001700237520000600254082001100260650001600271863000600287990000900293990000900302INLIS000000000001739 ind  a0010-0421000021 aMembuat Nata De CocobNata DecococSaragih YP aSaragih YP a0 a5 aJakartabPuspa Swarac2004 a60hal,c21cm a979-3567-12-0 a0 a0 a668.14 SAR m a0 a668.14 aNata Decoco a0 a1847 a1847